Gender and social equity in primary education : (Record no. 38030)
[ view plain ]
| 000 -LEADER | |
|---|---|
| fixed length control field | 02458cam a2200313 a 4500 |
| 001 - CONTROL NUMBER | |
| control field | 38030 |
| 003 - CONTROL NUMBER IDENTIFIER | |
| rucl marc code | BD-RjUL |
| 005 - DATE AND TIME OF LATEST TRANSACTION | |
| control field | 20211209052717.0 |
| 008 - FIXED-LENGTH DATA ELEMENTS--GENERAL INFORMATION | |
| fixed length control field | 150829s2004 ii b 001 0 eng |
| 020 ## - INTERNATIONAL STANDARD BOOK NUMBER | |
| International Standard Book Number | 0761932488 (pbk.) |
| International Standard Book Number | 817829382X (India) |
| International Standard Book Number | 8178293838 (India pbk.) |
| 035 ## - SYSTEM CONTROL NUMBER | |
| System control number | (BD-RjUL)38135 |
| 040 ## - CATALOGING SOURCE | |
| Original cataloging agency | StEdNL |
| Language of cataloging | eng |
| Transcribing agency | BD-RjUL |
| 041 ## - LANGUAGE CODE | |
| Language code of text/sound track or separate title | eng |
| 082 00 - DEWEY DECIMAL CLASSIFICATION NUMBER | |
| Classification number | 372.954 |
| Edition number | 22 |
| Author mark and year | GEN 2004 |
| 245 00 - TITLE STATEMENT | |
| Title | Gender and social equity in primary education : |
| Remainder of title | hierarchies of access / |
| Statement of responsibility, etc. | edited by Vimala Ramachandran. |
| 260 ## - PUBLICATION, DISTRIBUTION, ETC. (IMPRINT) | |
| Place of publication, distribution, etc. | New Delhi ; |
| -- | London : |
| Name of publisher, distributor, etc. | Sage, |
| Date of publication, distribution, etc. | 2004. |
| 300 ## - PHYSICAL DESCRIPTION | |
| Pagination | 381 p. ; |
| Size | 23 cm. |
| 504 ## - BIBLIOGRAPHY, ETC. NOTE | |
| Bibliography, etc | Includes bibliographical references and index. |
| 520 1# - SUMMARY, ETC. | |
| Summary, etc. | "This volume provides an insightful understanding of the ground realities of primary education programmes, particularly those run by the District Primary Education Programme (DPEP). Combining secondary research with field studies conducted in six states, the contributors explore gender and social equity issues in primary education. They conclude that there is a subtle but nevertheless discernible 'hierarchy of access' to education, which has resulted in new forms of segregation in primary schools." "The findings indicate that a child's gender, caste, class and community tend to define the nature of the school he or she attends which, in turn, has implications for the processes of teaching and learning. The field studies also explore the perceptions of parents, teachers, children and the community regarding primary schooling and the impact of the DPEP. The volume additionally elaborates on the institutional mechanisms and strategies required to improve schooling and reduce inequalities, as also assesses the efficacy of various non-formal and alternative education initiatives." "Capturing the texture and nuances of primary education through qualitative investigations, this volume is unique in drawing attention to the new segregation in basic education. It will be widely welcomed by educationists and sociologists and will be equally useful to policymakers, administrators, teachers and NGOs engaged in education."--BOOK JACKET. |
| 610 20 - SUBJECT ADDED ENTRY--CORPORATE NAME | |
| Corporate name or jurisdiction name as entry element | District Primary Education Programme (India) |
| 650 #0 - SUBJECT ADDED ENTRY--TOPICAL TERM | |
| Topical term or geographic name as entry element | Education, Elementary |
| Geographic subdivision | India. |
| 9 (RLIN) | 117767 |
| Topical term or geographic name as entry element | Educational equalization |
| Geographic subdivision | India. |
| 9 (RLIN) | 117768 |
| 700 1# - ADDED ENTRY--PERSONAL NAME | |
| Personal name | Ramachandran, Vimala. |
| 942 ## - ADDED ENTRY ELEMENTS (KOHA) | |
| Source of classification or shelving scheme | Dewey Decimal Classification |
| Koha item type | Books |
| Lost status | Source of classification or shelving scheme | Damaged status | Not for loan | Collection code | Permanent Location | Current Location | Shelving location | Date acquired | Source of acquisition | Cost, normal purchase price | Total Checkouts | Full call number | Date last seen | Date checked out | Copy number | Koha item type |
|---|---|---|---|---|---|---|---|---|---|---|---|---|---|---|---|---|
| Dewey Decimal Classification | Non-fiction | Central Library, University of Rajshahi | Central Library, University of Rajshahi | 26/02/2008 | Dhaka, Paragon Enterprises ltd. | 680.00 | 1 | 372.954 GEN 2004 | 14/09/2015 | 31/08/2015 | C-2 | Books | ||||
| Dewey Decimal Classification | Non-fiction | Central Library, University of Rajshahi | Central Library, University of Rajshahi | 26/02/2008 | Dhaka, Paragon Enterprises ltd. | 680.00 | 372.954 GEN 2004 | 23/08/2016 | C-3 | Books | ||||||
| Dewey Decimal Classification | Non-fiction | Central Library, University of Rajshahi | Central Library, University of Rajshahi | 24/05/2006 | Dhaka, Paragon Enterprises Ltd | 680.00 | 372.954 GEN 2004 | 03/10/2016 | C-4 | Books |